Wird geladen...

വീട്ടുമൃഗം

Bibliographische Detailangaben
Hauptverfasser: കെ ജി സേതുനാഥ്, K G Sethunath
Format: Printed Book
Veröffentlicht: Kottayam; Sahitya Pravarthaka Co-operative Society Ltd; 1969
Ausgabe:1st
Schlagworte:
LEADER 00753nam a22001817a 4500
082 |a 894.M2  |b SET/V K9 
100 |a കെ ജി സേതുനാഥ്  |9 180555 
100 |a K G Sethunath  |9 180556 
240 |a Veettumrugam 
245 |a വീട്ടുമൃഗം 
250 |a 1st 
260 |a Kottayam;   |b Sahitya Pravarthaka Co-operative Society Ltd;  |c 1969 
300 |a 108p. 
650 |a മലയാള സാഹിത്യം; മലയാള നാടകം   |9 180557 
650 |a Malayalam Literature; Malayalam Drama; Malayalam Play  |9 180558 
942 |c BK 
999 |c 36854  |d 36854 
952 |0 0  |1 0  |4 0  |6 894_000000000000000_M2_SET_V_K9  |7 0  |8 DRA  |9 41372  |a MAL  |b MAL  |d 2015-06-11  |e 11415  |g 1.75  |l 0  |o 894.M2 SET/V K9  |p MAL011415  |r 2015-06-11  |t 1  |w 2015-06-11  |y BK